| 000 | 00958nam a2200301 a 4500 | ||
|---|---|---|---|
| 001 | 37016 | ||
| 003 | BD-RjUL | ||
| 005 | 20211209052552.0 | ||
| 008 | 141001s1992 enka b 001 0 eng | ||
| 020 | _a019963212X (hbk.) : | ||
| 020 | _a0199632138 (pbk.) : | ||
| 035 | _a(BD-RjUL)37118 | ||
| 040 |
_aDLC _cDLC _dDLC _dBD-RjUL _beng |
||
| 041 | _aeng | ||
| 082 | 0 | 0 |
_a591.870724 _220 _bANI 1992 |
| 245 | 0 | 0 |
_aAnimal cell culture : _ba practical approach / _cedited by R.I. Freshney. |
| 250 | _a2nd ed. | ||
| 260 |
_aOxford [England] ; _aNew York : _bIRL Press at Oxford University Press, _cc1992. |
||
| 300 |
_axix, 329 p. : _bill. ; _c25 cm. |
||
| 504 | _aIncludes bibliographical references and index. | ||
| 650 | 0 |
_aCell culture. _9113127 |
|
| 650 | 0 |
_aTissue culture. _9113128 |
|
| 700 | 1 |
_aFreshney, R. Ian. _9113129 |
|
| 942 |
_2ddc _cBK |
||
| 999 |
_c37016 _d37016 |
||